000 00713nam a2200229 a 4500
999 _c11155
_d11155
001 11155
003 BD-JhCC
005 20190808133005.0
008 190604b 2011bg a|||| ||a| 000 0 ben d
020 _a9789848990384
035 _a(BD-JhCC)11155
040 _aBD-JhCC
_dBD-JhCC
041 _aben
082 _bARE 2011
_a796.3
100 _aআরোফীন, ফেরদৌস
245 _aক্রিকেট অভিধান /
_cফেরদৌস আরোফীন ।
260 _aঢাকা:
_bঅনার্য প্রকাশ;
_c২০১১.
300 _a৮০ পৃঃ . :
_bill;
_c১৬ সেমি.
650 _aCricket
_xDictionary
942 _2ddc
_cBK